|
|
|
|
| LEADER |
02336nem a22004932a 4500 |
| 001 |
mzk03001046963 |
| 003 |
CZ BrMZK |
| 005 |
20100827132939.0 |
| 007 |
aj|aa||| |
| 008 |
070315s1725 gw ij|||||a|||r|0|||gerod |
| 034 |
0 |
|
|a a
|d E0033200
|e E0033200
|f N0502100
|g N0502100
|
| 040 |
|
|
|a BOA001
|b cze
|
| 043 |
|
|
|a e-fr---
|
| 072 |
|
7 |
|a 912:904
|x Staré mapy
|2 Konspekt
|9 7
|
| 080 |
|
|
|a (084.3)
|2 MRF
|
| 080 |
|
|
|a (44)
|2 MRF
|
| 080 |
|
|
|a 912.43:069.5
|2 MRF
|
| 100 |
1 |
|
|a Bodenehr, Gabriel,
|d 1673-1765
|7 ola2009507578
|4 aut
|
| 245 |
1 |
0 |
|a Valencin oder Valencienes.
|n 183
|h [kartografický dokument] /
|c G. Bodenehr fecit et Exc.
|
| 255 |
|
|
|a Měřítko neuvedeno
|c (003°32´00" v.d.--003°32´00" v.d./050°21´00" s.š.--050°21´00" s.š.)
|
| 260 |
|
|
|a [Augsburg] :
|b G. Bodenehr,
|c [1725]
|
| 300 |
|
|
|a 1 mapa :
|b mědirytina, podlepená papírem ;
|c 15,5 x 18,5 cm na listu 16 x 26 cm
|
| 500 |
|
|
|a Mědirytina součástí "Force D'Europe, oder Die Merckwürdigst und Fürnehmste, meistentheils auch Ihrer Fortification wegen Berühmteste Staette, Vestungen, Seehaefen, Paesse, Camps De Bataille, in Europa..."
|
| 500 |
|
|
|a Plán města
|
| 500 |
|
|
|a Podlepeno papírem o velikosti 57,5 x 66 cm
|
| 500 |
|
|
|a Výzdoba: V horních rozích znaky země a města, po stranách komentář k městu
|
| 501 |
|
|
|a Obsahuje: Přívazek 1, Valencin oder Valencienes ... / Gabriel Bodenehr. -- Přívazek 2, Cambray ... / Gabriel Bodenehr
|
| 510 |
3 |
|
|a IKAR
|
| 510 |
4 |
|
|a Kuchař, K. Mapová sbírka B.P. Molla,
|c s. 257
|
| 655 |
|
7 |
|a historické mapy
|7 fd186723
|2 czenas
|
| 650 |
0 |
4 |
|a Mollova mapová sbírka
|
| 650 |
0 |
7 |
|a mapové sbírky
|z Česko
|7 ph182407
|2 czenas
|
| 610 |
2 |
7 |
|a Moravská zemská knihovna (Brno, Česko).
|b Mapová sbírka B.P. Molla
|7 mzk2005304487
|2 czenas
|
| 651 |
|
7 |
|a Valenciennes (Francie)
|7 ge134561
|2 czenas
|
| 856 |
4 |
1 |
|u http://mapy.mzk.cz/mzk03/001/046/963/2619268054_01
|y Digitalizovaný dokument
|
| 903 |
|
|
|a RP
|
| 910 |
|
|
|a BOA001
|b Moll-0002.175
|
| 978 |
|
|
|b Bodenehr, Gabriel
|a Augsburg
|c 1725
|
| 984 |
|
|
|a Augsburg
|b Německo
|
| 985 |
|
|
|a 1701-1750
|
| 990 |
|
|
|a MP
|
| 991 |
|
|
|k mzk
|
| 994 |
|
|
|a DN
|l MZK03
|b 001046966
|m záznam 1. díla (pro objednání pokračujte kliknutím)
|n přívazek 2
|
| 994 |
|
|
|a DN
|l MZK03
|b 001046964
|m záznam 1. díla (pro objednání pokračujte kliknutím)
|n přívazek 1
|